[Event "AUT-chT2O 1920"]
[Site "Austria"]
[Date "2019.10.19"]
[Round "1.3"]
[White "Vitouch, Anatol"]
[Black "Kuntner, Reinhard"]
[Result "0-1"]
[WhiteElo "2286"]
[BlackElo "2049"]
[PlyCount "98"]
[EventDate "2019.10.19"]
[EventType "team-tourn"]
[EventRounds "11"]
[EventCountry "AUT"]
[SourceTitle "CBM 192 Extra"]
[Source "Chessbase"]
[SourceDate "2019.11.06"]
[SourceVersion "1"]
[SourceVersionDate "2019.11.06"]
[SourceQuality "1"]
[WhiteTeam "Pamhagen"]
[BlackTeam "Wiener Amateur CC"]
[WhiteTeamCountry "AUT"]
[BlackTeamCountry "AUT"]

1. d4 d5 2. c4 e6 3. Nc3 Nf6 4. cxd5 exd5 5. Bg5 c6 6. e3 Be7 7. Bd3 Bg4 8. Qc2 h6 9. Bh4 0-0 10. h3 Be6 11. Nge2 a5 12. 0-0 Na6 13. a3 Nc7 14. Na4 Nh5 15. Bxe7 Qxe7 16. Nc5 Bc8 17. Bh7+ Kh8 18. Bf5 Ne6 19. Bxe6 Bxe6 20. Rae1 b6 21. Na4 Qb7 22. Rc1 Rfc8 23. g4 Nf6 24. f3 Rab8 25. b4 axb4 26. axb4 Qe7 27. Qd2 Ne8 28. Nf4 Bd7 29. Nb2 Nd6 30. Nfd3 f6 31. Nf4 Kg8 32. Rfe1 Nf7 33. b5 Ng5 34. Kg2 cxb5 35. Nbd3 Rc4 36. Nxd5 Qd6 37. N3f4 Rbc8 38. h4 Ne6 39. Nxe6 Bxe6 40. Nf4 Bf7 41. Ne2 b4 42. Rxc4 Bxc4 43. Rc1 b5 44. Ng3 Ra8 45. Ne4 Qe7 46. Qe1 Ra2+ 47. Kh3 Re2 48. Qd1 Rxe3 49. Nd2 Rd3 0-1

[Event "EU-chT Railways USIC"]
[Site "Korenov"]
[Date "2017.10.10"]
[Round "1.1"]
[White "Kuntner, Reinhard"]
[Black "Bolt, Graham"]
[Result "1/2-1/2"]
[WhiteElo "2061"]
[BlackElo "2094"]
[PlyCount "124"]
[EventDate "2017.10.10"]
[EventType "team-tourn"]
[EventRounds "5"]
[EventCountry "CZE"]
[SourceTitle "CBM 181 Extra"]
[Source "ChessBase"]
[SourceDate "2017.12.12"]
[SourceVersion "1"]
[SourceVersionDate "2017.12.12"]
[SourceQuality "1"]
[WhiteTeam "Austria"]
[BlackTeam "Great Britain"]
[WhiteTeamCountry "AUT"]
[BlackTeamCountry "GBR"]

1. c4 e5 2. Nc3 Bb4 3. Nd5 Be7 4. d3 Nf6 5. Nxe7 Qxe7 6. a3 0-0 7. Bg5 h6 8. Bh4 d6 9. e3 Nbd7 10. Ne2 b6 11. Nc3 Bb7 12. f3 Qe6 13. Be2 d5 14. 0-0 a6 15. e4 c6 16. exd5 cxd5 17. Bf2 d4 18. Ne4 Nh5 19. Re1 f5 20. Nd2 Qg6 21. g3 Nhf6 22. b4 h5 23. Bf1 h4 24. Bg2 Nh5 25. Nf1 hxg3 26. hxg3 Qf7 27. Re2 Rfe8 28. Qd2 g6 29. Qg5 Kg7 30. Rae1 Nhf6 31. Nh2 Nh7 32. Qc1 g5 33. f4 Bxg2 34. Kxg2 gxf4 35. gxf4 Qg6+ 36. Kh1 Qc6+ 37. Kg1 Kf7 38. Bg3 Rg8 39. Rg2 e4 40. dxe4 fxe4 41. c5 bxc5 42. Qc4+ Qe6 43. Qxe6+ Kxe6 44. Rxe4+ Kd5 45. Re7 Nhf6 46. bxc5 Nxc5 47. Re5+ Kc6 48. Nf3 Rad8 49. Bh4 Rxg2+ 50. Kxg2 Rg8+ 51. Kf1 Nfd7 52. Nxd4+ Kb6 53. Re7 Rg4 54. Bg5 Ka5 55. Nc6+ Ka4 56. Ne5 Nxe5 57. Rxe5 Nb3 58. Re6 a5 59. Kf2 Kxa3 60. Re1 Nd2 61. Re2 Nc4 62. Re1 Nd2 1/2-1/2

[Event "Feffernitz op 26th"]
[Site "Feffernitz"]
[Date "2017.08.26"]
[Round "8"]
[White "Kuntner, Reinhard"]
[Black "Loibl, Johann"]
[Result "1-0"]
[WhiteElo "1919"]
[BlackElo "1780"]
[PlyCount "59"]
[EventDate "2017.08.20"]
[EventType "swiss"]
[EventRounds "9"]
[EventCountry "AUT"]
[SourceTitle "CBM 180 Extra"]
[Source "ChessBase"]
[SourceDate "2017.10.06"]
[SourceVersion "1"]
[SourceVersionDate "2017.10.06"]
[SourceQuality "1"]

1. d4 Nf6 2. Nf3 d5 3. c4 Bf5 4. Nc3 e6 5. Nh4 Bg6 6. Nxg6 hxg6 7. g3 Bb4 8. a3 Bxc3+ 9. bxc3 dxc4 10. Bg2 c6 11. a4 Qa5 12. Bd2 Nbd7 13. Qb1 Nb6 14. Qb2 Qf5 15. a5 Ne4 16. Bxe4 Qxe4 17. f3 Qd5 18. axb6 a6 19. Qb4 Qf5 20. Qxc4 g5 21. g4 Qf6 22. Ra5 Qh6 23. h4 Qh7 24. Kf2 0-0-0 25. Bxg5 Rd5 26. Rxd5 exd5 27. Qd3 g6 28. Qe3 f5 29. Bf4 Kd8 30. Qe6 1-0

[Event "AUT-chT2W 1516"]
[Site "Austria"]
[Date "2016.03.05"]
[Round "10.4"]
[White "Kuntner, Reinhard"]
[Black "Hoellrigl, Wilfried"]
[Result "0-1"]
[WhiteElo "1961"]
[BlackElo "2153"]
[PlyCount "60"]
[EventDate "2015.10.16"]
[EventType "team-tourn"]
[EventRounds "11"]
[EventCountry "AUT"]
[SourceTitle "EXT 2017"]
[Source "ChessBase"]
[SourceDate "2016.10.25"]
[SourceVersion "1"]
[SourceVersionDate "2016.10.25"]
[SourceQuality "1"]
[WhiteTeam "Hohenems II"]
[BlackTeam "Rochade Rum"]
[WhiteTeamCountry "AUT"]
[BlackTeamCountry "AUT"]

1. d4 Nf6 2. c4 c5 3. d5 b5 4. a4 b4 5. g3 d6 6. Bg2 g6 7. b3 Bg7 8. Bb2 0-0 9. Nh3 a5 10. 0-0 Nbd7 11. Nf4 Nb6 12. Nd2 Ra7 13. Qc2 e6 14. dxe6 fxe6 15. e4 g5 16. Nh3 g4 17. Nf4 e5 18. Nd5 h5 19. Ne3 Raf7 20. Nf5 Nxe4 21. Nxg7 Nxd2 22. Qxd2 Rxg7 23. Rad1 Bf5 24. Bxe5 Rd7 25. Ba1 Qe7 26. Rfe1 Qh7 27. Qg5+ Qg6 28. Qxg6+ Bxg6 29. Re6 Bc2 30. Rdxd6 Rfd8 0-1

[Event "EU-chT Seniors"]
[Site "Vienna"]
[Date "2015.07.17"]
[Round "6.20"]
[White "Kuntner, Reinhard"]
[Black "Bevan, Peter M"]
[Result "0-1"]
[WhiteElo "1972"]
[BlackElo "2007"]
[PlyCount "132"]
[EventDate "2015.07.12"]
[EventType "team-swiss"]
[EventRounds "9"]
[EventCountry "AUT"]
[SourceTitle "EXT 2018"]
[Source "ChessBase"]
[SourceDate "2017.10.13"]
[SourceVersion "1"]
[SourceVersionDate "2017.10.13"]
[SourceQuality "1"]
[WhiteTeam "Voralberg"]
[BlackTeam "Wales Dyfed"]
[WhiteTeamCountry "AUT"]
[BlackTeamCountry "WLS"]

1. d4 Nf6 2. Nf3 g6 3. c4 Bg7 4. g3 0-0 5. Bg2 d6 6. 0-0 Nbd7 7. Nc3 e5 8. e4 a6 9. Re1 exd4 10. Nxd4 c5 11. Nde2 Ne5 12. b3 Bg4 13. f4 Nf3+ 14. Bxf3 Bxf3 15. Qd3 Bxe4 16. Nxe4 Nxe4 17. Rb1 Re8 18. Bb2 Bxb2 19. Rxb2 Qf6 20. Rc2 Re6 21. Nc3 Nxc3 22. Rxe6 Qxe6 23. Qxc3 Re8 24. Rf2 Qe1+ 25. Qxe1 Rxe1+ 26. Kg2 Rd1 27. Kf3 f5 28. Ke2 Rd4 29. Kf3 b5 30. cxb5 axb5 31. h3 Rd3+ 32. Kg2 h5 33. Rc2 Kf7 34. Kf2 c4 35. bxc4 bxc4 36. Rb2 Ke6 37. a4 Ra3 38. Rb4 Kd5 39. Rb5+ Kc6 40. Rb4 d5 41. g4 fxg4 42. hxg4 hxg4 43. Rb8 Rf3+ 44. Ke2 Rxf4 45. a5 Kc7 46. Rb6 c3 47. Rxg6 c2 48. Kd2 Rc4 49. Kc1 Kb7 50. Rb6+ Ka7 51. Rg6 Ka8 52. Ra6+ Kb8 53. Rb6+ Ka7 54. Rg6 d4 55. Rxg4 Ka6 56. Rg5 d3 57. Rd5 Rc3 58. Rd8 Rb3 59. Rd6+ Kxa5 60. Rd5+ Kb4 61. Rd4+ Ka3 62. Kd2 Kb2 63. Rc4 Kb1 64. Rc8 Rb2 65. Kxd3 c1Q 66. Rxc1+ Kxc1 0-1

[Event "Neumarkt am Wallersee op 13th"]
[Site "Neumarkt am Wallersee"]
[Date "2014.08.31"]
[Round "9"]
[White "Kuntner, Reinhard"]
[Black "Wuppinger, Manfred"]
[Result "1-0"]
[WhiteElo "1949"]
[BlackElo "2119"]
[PlyCount "59"]
[EventDate "2014.08.23"]
[EventType "swiss"]
[EventRounds "9"]
[EventCountry "AUT"]
[SourceTitle "EXT 2016"]
[Source "ChessBase"]
[SourceDate "2015.10.08"]
[SourceVersion "1"]
[SourceVersionDate "2015.10.08"]
[SourceQuality "1"]

1. d4 d5 2. Nf3 Nf6 3. c4 e6 4. g3 c6 5. Bg2 g6 6. 0-0 Bg7 7. Nc3 0-0 8. Qb3 Nbd7 9. Bf4 dxc4 10. Qxc4 Nb6 11. Qb3 Nbd5 12. Bd2 h5 13. Rfe1 Nxc3 14. bxc3 Ne4 15. Bc1 Qf6 16. Be3 g5 17. Qc2 Qf5 18. Nxg5 Nxg3 19. Qxf5 Nxf5 20. Bf4 Bh6 21. e4 Bxg5 22. Bxg5 f6 23. exf5 fxg5 24. fxe6 Rf6 25. d5 Rb8 26. Re5 cxd5 27. Bxd5 Kf8 28. Rae1 Ke7 29. c4 Kd6 30. e7 1-0

[Event "Neumarkt am Wallersee op 13th"]
[Site "Neumarkt am Wallersee"]
[Date "2014.08.27"]
[Round "5"]
[White "Kuntner, Reinhard"]
[Black "Mathe, Gaspar"]
[Result "0-1"]
[WhiteElo "1949"]
[BlackElo "2323"]
[PlyCount "42"]
[EventDate "2014.08.23"]
[EventType "swiss"]
[EventRounds "9"]
[EventCountry "AUT"]
[SourceTitle "EXT 2016"]
[Source "ChessBase"]
[SourceDate "2015.10.08"]
[SourceVersion "1"]
[SourceVersionDate "2015.10.08"]
[SourceQuality "1"]

1. d4 c6 2. c4 d6 3. Nc3 Qc7 4. g3 g6 5. Bg2 Bg7 6. e4 a6 7. a4 a5 8. Nge2 e5 9. dxe5 dxe5 10. Be3 Na6 11. Qd2 Be6 12. b3 Rd8 13. Qc1 Nf6 14. f3 Nd7 15. 0-0 Ndc5 16. Qb1 Rd3 17. Bf2 0-0 18. Rd1 Rfd8 19. Rxd3 Rxd3 20. Ra2 Bh6 21. Rb2 Qd6 0-1

[Event "Neumarkt am Wallersee op 12th"]
[Site "Neumarkt am Wallersee"]
[Date "2013.08.31"]
[Round "8"]
[White "Pruell, Lukas"]
[Black "Kuntner, Reinhard"]
[Result "1/2-1/2"]
[WhiteElo "1964"]
[BlackElo "1945"]
[PlyCount "87"]
[EventDate "2013.08.24"]
[EventType "swiss"]
[EventRounds "9"]
[EventCountry "AUT"]
[SourceTitle "CBM 156 Extra"]
[Source "ChessBase"]
[SourceDate "2013.10.22"]
[SourceVersion "1"]
[SourceVersionDate "2013.10.22"]
[SourceQuality "1"]

1. e4 Nf6 2. e5 Nd5 3. d4 d6 4. c4 Nb6 5. exd6 cxd6 6. Nc3 g6 7. Be3 Bg7 8. Rc1 0-0 9. b3 Bf5 10. d5 e5 11. dxe6 Bxe6 12. c5 dxc5 13. Qxd8 Rxd8 14. Nb5 Na6 15. Bxc5 Nxc5 16. Rxc5 Rac8 17. Rxc8 Nxc8 18. Be2 a6 19. Nc7 Bc3+ 20. Kf1 Bf5 21. Bf3 Rd2 22. g4 Bd3+ 23. Kg2 Nd6 24. Nd5 Bd4 25. Nh3 Ne4 26. Rd1 Rxd1 27. Bxd1 Nd2 28. f3 Bf1+ 29. Kg3 Be5+ 30. f4 Bd4 31. Bc2 h6 32. Nf2 Be2 33. h3 Nf1+ 34. Kg2 Ne3+ 35. Nxe3 Bxe3 36. f5 g5 37. Bd3 Bxf2 38. Bxe2 Bc5 39. Kf3 Kf8 40. Ke4 Ke7 41. Kd5 Ba3 42. Bc4 f6 43. Kd4 Kd6 44. Be2 1/2-1/2

[Event "Neumarkt am Wallersee op 12th"]
[Site "Neumarkt am Wallersee"]
[Date "2013.08.25"]
[Round "2"]
[White "Fleischer, Frank"]
[Black "Kuntner, Reinhard"]
[Result "1-0"]
[WhiteElo "2212"]
[BlackElo "1945"]
[PlyCount "81"]
[EventDate "2013.08.24"]
[EventType "swiss"]
[EventRounds "9"]
[EventCountry "AUT"]
[SourceTitle "CBM 156 Extra"]
[Source "ChessBase"]
[SourceDate "2013.10.22"]
[SourceVersion "1"]
[SourceVersionDate "2013.10.22"]
[SourceQuality "1"]

1. e4 Nf6 2. Nc3 d5 3. e5 d4 4. exf6 dxc3 5. bxc3 exf6 6. Nf3 Bd6 7. d4 Bg4 8. Be2 0-0 9. 0-0 Nc6 10. Be3 Ne7 11. h3 Bh5 12. Qc1 Re8 13. Rb1 b6 14. Rb5 f5 15. c4 c6 16. Rb3 Qb8 17. Qd1 f4 18. Bc1 Qc7 19. Bb2 Rad8 20. Re1 Nf5 21. Rd3 f6 22. d5 c5 23. Rd2 Bg6 24. Bd3 Rxe1+ 25. Qxe1 Re8 26. Re2 Rxe2 27. Qxe2 Qe7 28. Qd2 Qd7 29. a3 Bh5 30. Be4 Bg6 31. Qd3 Ne7 32. Nh4 Bxe4 33. Qxe4 f5 34. Qd3 g5 35. Qc3 Ng6 36. Nxg6 hxg6 37. Qh8+ Kf7 38. Qg7+ Ke8 39. Qxg6+ Kd8 40. Qxg5+ Kc8 41. Qg7 1-0

[Event "Bayern-chI Bank Hofmann 15th"]
[Site "Bad Wiessee"]
[Date "2011.10.31"]
[Round "3"]
[White "Kuntner, Reinhard"]
[Black "Mueller, Ralf1111"]
[Result "0-1"]
[WhiteElo "1952"]
[BlackElo "2411"]
[PlyCount "94"]
[EventDate "2011.10.29"]
[EventType "swiss"]
[EventRounds "9"]
[EventCountry "GER"]
[SourceTitle "EXT 2012"]
[Source "ChessBase"]
[SourceDate "2011.11.24"]
[SourceVersion "1"]
[SourceVersionDate "2011.11.24"]
[SourceQuality "1"]

1. c4 Nf6 2. g3 c6 3. Bg2 d5 4. cxd5 cxd5 5. Nc3 Nc6 6. d4 g6 7. Nf3 Bg7 8. 0-0 Ne4 9. Qb3 0-0 10. e3 Nxc3 11. Qxc3 Qb6 12. Bd2 Bd7 13. b4 Rfc8 14. Qb3 e6 15. Rab1 Ne7 16. b5 Nf5 17. Rfd1 Nd6 18. Bf1 a6 19. bxa6 Qxb3 20. axb3 bxa6 21. Rdc1 Bb5 22. Bb4 Ne4 23. Bxb5 axb5 24. Rxc8+ Rxc8 25. Bc5 Nxc5 26. Rc1 b4 27. Rxc5 Rxc5 28. dxc5 Kf8 29. Kf1 Ke7 30. Ke2 h6 31. Nd4 Kd7 32. f3 Bf8 33. c6+ Kc7 34. f4 Bg7 35. Kd3 e5 36. fxe5 Bxe5 37. e4 Bxd4 38. Kxd4 dxe4 39. Kxe4 Kxc6 40. Ke5 Kc5 41. g4 g5 42. Ke4 Kd6 43. Kd4 f6 44. h3 h5 45. gxh5 Ke6 46. Kc4 f5 47. Kxb4 g4 0-1

[Event "Vienna State-chB"]
[Site "Vienna"]
[Date "2011.09.14"]
[Round "5"]
[White "Kleiser, Gregor"]
[Black "Kuntner, Reinhard"]
[Result "1-0"]
[WhiteElo "2263"]
[BlackElo "1981"]
[PlyCount "81"]
[EventDate "2011.09.10"]
[EventType "swiss"]
[EventRounds "9"]
[EventCountry "AUT"]
[SourceTitle "EXT 2013"]
[Source "ChessBase"]
[SourceDate "2012.11.22"]
[SourceVersion "1"]
[SourceVersionDate "2012.11.22"]
[SourceQuality "1"]

1. d4 Nf6 2. Nf3 g6 3. Bf4 Bg7 4. e3 d6 5. h3 0-0 6. Be2 c5 7. c3 Qa5 8. Nbd2 b5 9. dxc5 dxc5 10. a4 b4 11. Nb3 Qd8 12. Nxc5 bxc3 13. Qxd8 Rxd8 14. bxc3 Nd5 15. Be5 Nxc3 16. Bc4 Nd7 17. Bxf7+ Kxf7 18. Bxg7 Nxc5 19. Bxc3 Nd3+ 20. Kf1 Ba6 21. Kg1 Rac8 22. Bd4 Rc2 23. Rh2 Rdc8 24. Ng5+ Ke8 25. g4 e5 26. Bxa7 h6 27. Ne4 Rc1+ 28. Rxc1 Rxc1+ 29. Kg2 Bb7 30. f3 Bxe4 31. fxe4 Rc4 32. a5 Rxe4 33. Kg3 Ra4 34. Bb6 e4 35. Rc2 g5 36. Rc6 Ne1 37. Rxh6 Ra2 38. h4 gxh4+ 39. Rxh4 Rg2+ 40. Kf4 Nd3+ 41. Kxe4 1-0

[Event "Vienna Tschaturanga op"]
[Site "Vienna"]
[Date "2011.05.18"]
[Round "4"]
[White "Kuntner, Reinhard"]
[Black "Ernst, Michael"]
[Result "0-1"]
[WhiteElo "1968"]
[BlackElo "2122"]
[PlyCount "78"]
[EventDate "2011.05.14"]
[EventType "swiss"]
[EventRounds "9"]
[EventCountry "AUT"]
[SourceTitle "CBM 142 Extra"]
[Source "ChessBase"]
[SourceDate "2011.06.27"]
[SourceVersion "1"]
[SourceVersionDate "2011.06.27"]
[SourceQuality "1"]

1. Nf3 Nf6 2. c4 e6 3. g3 d5 4. cxd5 exd5 5. d4 Be7 6. Bg2 0-0 7. 0-0 Re8 8. Nc3 c6 9. Qc2 Nbd7 10. Bf4 Nb6 11. Rad1 Nc4 12. Rfe1 Nd6 13. Bxd6 Bxd6 14. e4 Nxe4 15. Nxe4 Rxe4 16. Rxe4 dxe4 17. Qxe4 Be6 18. b3 Bd5 19. Qc2 Be7 20. Ne5 Bxg2 21. Kxg2 Qd5+ 22. Kg1 Rd8 23. Ng4 Qf3 24. Ne5 Qd5 25. Ng4 h5 26. Ne3 Qf3 27. Qd3 Bg5 28. Nc2 Qd5 29. Qc4 Bf6 30. Qe2 g6 31. Ne3 Qe4 32. f3 Qe6 33. d5 cxd5 34. Qd3 d4 35. Ng2 Qc6 36. Nf4 Qc3 37. Nd5 Rxd5 38. Qxc3 dxc3 39. Rxd5 c2 0-1

[Event "AUT-chT2W 9900"]
[Site "Austria"]
[Date "2000.01.23"]
[Round "8"]
[White "Kuntner, Reinhard"]
[Black "Marzari, Adalbert"]
[Result "0-1"]
[WhiteElo "1915"]
[BlackElo "1987"]
[PlyCount "78"]
[EventDate "1999.10.15"]
[EventType "team"]
[EventRounds "11"]
[EventCountry "AUT"]
[SourceTitle "EXT 2000"]
[Source "ChessBase"]
[SourceDate "1999.11.16"]
[SourceVersion "1"]
[SourceVersionDate "1999.11.16"]
[SourceQuality "1"]

1. d4 Nf6 2. c4 c5 3. d5 e6 4. Nc3 exd5 5. cxd5 d6 6. e4 g6 7. f4 a6 8. a4 Bg7 9. Nf3 Bg4 10. Bd3 Nbd7 11. 0-0 0-0 12. Be3 Re8 13. Bf2 Qc7 14. h3 Bxf3 15. Qxf3 Rab8 16. Rad1 c4 17. Bb1 Nc5 18. Rfe1 Nfd7 19. Re3 b5 20. axb5 axb5 21. e5 b4 22. exd6 Qxd6 23. Rxe8+ Rxe8 24. Nb5 Qb6 25. Nd4 Qb7 26. Bc2 b3 27. Bb1 Na4 28. Rd2 Qb4 29. Re2 Rxe2 30. Qxe2 c3 31. bxc3 Nxc3 32. Qe8+ Nf8 33. Nc6 Qxf4 34. Ne7+ Kh8 35. Bd3 b2 36. Bc5 Ne2+ 37. Kh1 Qf1+ 38. Kh2 Be5+ 39. g3 Bxg3# 0-1